| 000 | 00703nam a22001695i 4500 | ||
|---|---|---|---|
| 001 | 171737 | ||
| 003 | ES-MaACL | ||
| 005 | 20260127062553.0 | ||
| 008 | 090527s1919 sp |||| | spa d | ||
| 100 | 1 |
_aSoler y Pérez, Francisco, _d1887-1922 _9107201 |
|
| 245 | 1 | 0 |
_aMemoria leída ante la Junta de Gobierno de la Real Academia de Jurisprudencia el día 30 de noviembre de 1918 / _cpor el bibliotecario Francisco Soler y Pérez. |
| 260 |
_aMadrid, _c1919. |
||
| 610 | 2 |
_aReal Academia de Jurisprudencia y Legislación de España- _vMemorias. _9150092 |
|
| 700 |
_aReal Academia de Jurisprudencia y Legislación de España _9217612 |
||
| 852 |
_aES-MaACL _j1571-F-13 |
||
| 999 |
_c171737 _d171737 |
||